<?xml version="1.0" encoding="UTF-8"?>
<marc:record xmlns:marc="http://www.loc.gov/MARC21/slim">
   <marc:leader>00000nam a2200000 a 4500</marc:leader>
   <marc:datafield ind1="1" ind2=" " tag="100">
      <marc:subfield code="a">Delestoq, Nicolaus</marc:subfield>
   </marc:datafield>
   <marc:datafield ind1="1" ind2=" " tag="100">
      <marc:subfield code="a">Bernardinus &lt;Mondiderinus&gt;</marc:subfield>
   </marc:datafield>
   <marc:datafield ind1="1" ind2=" " tag="100">
      <marc:subfield code="a">Rousse, ...</marc:subfield>
   </marc:datafield>
   <marc:datafield ind1="1" ind2=" " tag="100">
      <marc:subfield code="a">Giovanni &lt;da Moncalieri&gt;</marc:subfield>
   </marc:datafield>
   <marc:datafield ind1="1" ind2=" " tag="100">
      <marc:subfield code="a">Antonius &lt;a Mutina&gt;</marc:subfield>
   </marc:datafield>
   <marc:datafield ind1="0" ind2="0" tag="245">
      <marc:subfield code="a">De Crvce, Angelis, Et Festis Omnivm Sanctorvm</marc:subfield>
   </marc:datafield>
   <marc:datafield ind1="0" ind2="0" tag="245">
      <marc:subfield code="b">accesserunt Homiliae De Defunctis, De Purgatorio, de Institutione Festorum, de Ecclesiis consecratis ...</marc:subfield>
   </marc:datafield>
   <marc:datafield ind1=" " ind2="1" tag="264">
      <marc:subfield code="c">1656</marc:subfield>
   </marc:datafield>
   <marc:datafield ind1="1" ind2=" " tag="520">
      <marc:subfield code="a">Verlegermarke am Titelbl. http://zentralbibliothek.kapuziner.at/kupferstiche/provinzbibliothek/provinzbibliothek_2653.jpg, Zierholzschnitte, Verzierungen, figurative und ill. Initialen im Text; weißer Ledereinband auf Buchdeckeln aus Holz, Leder der Buchdeckel mit fleuralen und figurativen Bordüren mit Beischriften (Köpfe in Medaillons durch fleurale Elemente verbunden, figurative Bordüren mit Beischriften Paulus "APPARVI", Johannes der Täufer "ECCE AGN", "DAT EST" Jesus Salvator ", "DE FRVC" David) und Deckelvignetten (VD: IHS mit Kruzifix und drei Kreuzesnägel im Strahlenkranz, HD: wahrscheinlich Maria mit Jesusknaben), Buchrücken mit 5 Bünden, Rotfärbung am Fuß, gelbem Titelschild "ENCYCLOPAEDIA || R. P. PISE.", Aufschrift "TOMVS || II" "IN CRVCES || DE ANGELIS || DE SANCTIS || DE DEFU[N]CTIS" "ITEM HOMIL. || DOMINICAL || ET QVADRA || GESIMALES" "CUM INDICE || SYMBOLO || RUM" und Signaturschild "2a (3)", darunter alte handschriftliche Signatur (IV ?), blaue Schnittkante, zwei Knopfschließen mit Lederscharnieren, blaue Schnittkante.</marc:subfield>
   </marc:datafield>
   <marc:datafield ind1=" " ind2=" " tag="500">
      <marc:subfield code="a">Titelbl. in Rot- und Schwarzdr.</marc:subfield>
   </marc:datafield>
   <marc:datafield ind1="0" ind2=" " tag="490">
      <marc:subfield code="v">2.</marc:subfield>
   </marc:datafield>
   <marc:datafield ind1=" " ind2=" " tag="300">
      <marc:subfield code="a">[28] Bl., 722 S., [66] Bl.</marc:subfield>
   </marc:datafield>
</marc:record>
